[Event "TCh-SWE 2011-12"]
[Site "Malmo SWE"]
[Date "2011.10.09"]
[Round "3"]
[White "Jepson,C"]
[Black "Vernersson,P"]
[Result "1-0"]
[WhiteElo "2392"]
[BlackElo "2370"]

1.d4 d5 2.Nf3 Nf6 3.c4 e6 4.g3 Be7 5.Bg2 O-O 6.O-O dxc4 7.Qc2 a6 8.a4 Bd7
9.Qxc4 Bc6 10.Bg5 a5 11.Nc3 Bxf3 12.Bxf3 c6 13.e4 Na6 14.Rad1 Nd7 15.Bf4 Bg5
16.Bxg5 Qxg5 17.Bg2 Nb4 18.d5 exd5 19.exd5 Nb6 20.Qb3 cxd5 21.Nxd5 N6xd5
22.Bxd5 Qe7 23.Rfe1 Qc7 24.Rc1 Qd7 25.Bc4 Rad8 26.Rcd1 Qc7 27.Rxd8 Rxd8 28.Qe3 Kf8
29.Qe4 g6 30.b3 Nc6 31.Bd5 Qd6 32.Bxc6 bxc6 33.Rc1 Rc8 34.Qc4 Kg8 35.Qc5 Qd2
36.Rc3 Qe1+ 37.Kg2 Qe4+ 38.f3 Qe2+ 39.Qf2 Qe6 40.Qe3 Qd7 41.Qd3 Qe6 42.g4 Re8
43.Qd2 h6 44.Rc4 Qf6 45.Rc2 Kh7 46.Qc3 Re2+ 47.Kh3 Re5 48.Kg3 g5 49.Qd4 Re6
50.Qxf6 Rxf6 51.Rc5 Rd6 52.Rxa5 Rd3 53.Ra7 Rxb3 54.Rxf7+ Kg6 55.Rf5 h5 56.h4 gxh4+
57.Kxh4 hxg4 58.fxg4 Rc3 59.Ra5 Kf6 60.Ra8 Kg6 61.a5 Ra3 62.Ra6 Kf7 63.Kh5 Rh3+
64.Kg5 Rd3 65.Rxc6 Rd5+ 66.Kh6 Rxa5 67.g5 Ra1 68.g6+ Kf8 69.Rc8+ Ke7 70.Rc7+ Kf6
71.Rf7+ Ke6 72.Rf2  1-0

[Event "49th ch-IND NatA"]
[Site "Aurangabad IND"]
[Date "2011.10.10"]
[Round "2"]
[White "Sethuraman,S"]
[Black "Laxman,R"]
[Result "1-0"]
[WhiteElo "2529"]
[BlackElo "2451"]

1.d4 Nf6 2.c4 e6 3.g3 d5 4.Nf3 Be7 5.Bg2 O-O 6.O-O dxc4 7.Qc2 a6 8.a4 Bd7
9.Qxc4 Bc6 10.Bf4 a5 11.Nc3 Na6 12.Ne5 Bxg2 13.Kxg2 Nd5 14.Rad1 Nxf4+ 15.gxf4 Bd6
16.e3 Qh4 17.Qe2 Bxe5 18.fxe5 f6 19.exf6 Rxf6 20.f4 Nb4 21.Kh1 Rg6 22.Rg1 Rxg1+
23.Rxg1 Qe7 24.Ne4 Nd5 25.Ng5 c6 26.Qg2 g6 27.Qe4 Qf6 28.Kg2 h6 29.Nf3 Qf5
30.Qe5 Kh7 31.Kf2 Rf8 32.Qxf5 gxf5 33.Ne5 Nf6 34.Nc4 Ng4+ 35.Ke2 b5 36.Nxa5 Nxh2
37.b4 bxa4 38.Nxc6 a3 39.Ra1 Rg8 40.Rxa3 Rg2+ 41.Kd3 Ng4 42.b5 Rb2 43.Kc4 h5
44.Nb4 Nf6 45.b6 Nd5 46.Nxd5 exd5+ 47.Kc5 h4 48.Ra1 Kh6 49.Rg1 h3 50.Rg3 h2
51.Rh3+ Kg6 52.Kc6 Rc2+ 53.Kxd5 Rb2 54.Kc6 Rc2+ 55.Kd6 Rb2 56.Ke5 Re2 57.b7 h1=Q
58.Rxh1 Rxe3+ 59.Kd6 Rb3 60.Kc7 Rc3+ 61.Kb8 Rd3  1-0

[Event "II Oliver Gonzalez Memorial"]
[Site "Madrid ESP"]
[Date "2011.10.10"]
[Round "3.30"]
[White "Garcia Diaz,V"]
[Black "Anton Prado,A"]
[Result "1-0"]
[WhiteElo "2114"]
[BlackElo "1833"]

1.c4 Nf6 2.g3 e6 3.Bg2 d5 4.Nf3 Be7 5.d4 O-O 6.O-O c6 7.Nc3 Nbd7 8.b3 Qa5
9.Bd2 Qc7 10.Qc2 Re8 11.Rac1 Ba3 12.Rcd1 Bd6 13.c5 Bf8 14.Bf4 Qd8 15.b4 b5
16.cxb6 axb6 17.b5 c5 18.dxc5 Bxc5 19.e4 dxe4 20.Ne5 Qe7 21.Nxe4 Ra3 22.Nc6 Qf8
23.Bd6 Bxd6 24.Nxd6 Nc5 25.Nxe8 Qxe8 26.Rd8  1-0

[Event "Indonesia Open"]
[Site "Jakarta INA"]
[Date "2011.10.13"]
[Round "1.36"]
[White "Purnama,T"]
[Black "Sihite,Chelsie Monica"]
[Result "1-0"]
[WhiteElo "2368"]
[BlackElo "2100"]

1.Nf3 Nf6 2.d4 e6 3.g3 d5 4.c4 Be7 5.Bg2 O-O 6.O-O dxc4 7.Qc2 b5 8.a4 b4
9.Ne5 Qxd4 10.Bxa8 Qxe5 11.Bf4 Qa5 12.Nd2 c3 13.bxc3 bxc3 14.Nb3 Qh5 15.Bf3 Ng4
16.Bxg4 Qxg4 17.Qxc3 Nd7 18.Qxc7 e5 19.Be3 Qxe2 20.Rfd1 Qg4 21.Na5 Bf6 22.Nc6 e4
23.Rac1 h5 24.Qf4 Qe6 25.Qd6 Qh3 26.Bd4 Kh7 27.Qf4 Re8 28.Bxa7 Bb7 29.Rd5 Kg8
30.Bd4 Bxd4 31.Rxd4 Nf6 32.Qh4 Qf5 33.Qf4 Qh3 34.Qh4 Qf5 35.Qf4 Qh3 36.Qg5 Qe6
37.Rdc4 e3 38.fxe3 Ne4 39.Qf4 Nd2 40.Rc5 f6 41.Nd4 Qa6 42.Qf2 Qd3 43.Rc7 Bd5
44.Rd7 Ne4 45.Qe2 Qa3 46.Rcc7 Ng5 47.Rxd5 Qxa4 48.Rdd7 Qa1+ 49.Qf1 Qa3 50.Rxg7+ Kh8
51.Rge7 Rf8  1-0

[Event "Governor's Cup"]
[Site "Saratov RUS"]
[Date "2011.10.13"]
[Round "6"]
[White "Tomashevsky,E"]
[Black "Leko,P"]
[Result "1/2-1/2"]
[WhiteElo "2710"]
[BlackElo "2728"]

1.d4 Nf6 2.c4 e6 3.g3 d5 4.Bg2 Be7 5.Nf3 O-O 6.O-O dxc4 7.Qc2 a6 8.a4 Bd7
9.Bg5 Bc6 10.Rd1 a5 11.e3 Na6 12.Qxc4 Nd7 13.Bxe7 Qxe7 14.Nc3 Bxf3 15.Bxf3 c6
16.Na2 Nb6 17.Qc3 Nb8 18.Nc1 Nd5 19.Qc4 Nb6 20.Qb3 Nd5 21.Nd3 Na6 22.Ne5 Nab4
23.Rac1 Nb6 24.Rc3 Rfd8 25.Rdc1 g6 26.h4 h5 27.Kg2 Kg7 28.Be4 N6d5 29.Rc4 Nb6
30.Rc5 Nd7 31.Nxd7 Rxd7 32.Bf3  1/2-1/2

[Event "TCh-ROU Superliga 2011"]
[Site "Brasov ROU"]
[Date "2011.10.14"]
[Round "7.3"]
[White "Georgescu,T"]
[Black "Bolintis,Mihai"]
[Result "1-0"]
[WhiteElo "2391"]
[BlackElo "2095"]

1.c4 e6 2.Nf3 d5 3.d4 Nf6 4.g3 Be7 5.Bg2 O-O 6.O-O c6 7.Nc3 b6 8.Qc2 dxc4
9.Rd1 Nd5 10.Ne4 b5 11.a4 a5 12.Neg5 g6 13.h4 Nd7 14.h5 Nb4 15.Qb1 Rb8 16.Bf4 Rb7
17.Bh3 Nf6 18.hxg6 hxg6 19.Ne5 Qe8 20.axb5 cxb5 21.Rxa5 Nc6 22.Ra8 Nxe5 23.dxe5 Nd5
24.Rxd5 exd5 25.Rxc8 Qxc8 26.Bxc8 Rxc8 27.e6 Kg7 28.Qd1 f6 29.Qd4 Rf8 30.Bd2  1-0

[Event "Indonesia Open"]
[Site "Jakarta INA"]
[Date "2011.10.14"]
[Round "3.31"]
[White "Mahmud,S"]
[Black "Sihite,Chelsie Monica"]
[Result "0-1"]
[WhiteElo "2315"]
[BlackElo "2100"]

1.c4 Nf6 2.Nf3 e6 3.g3 d5 4.d4 Be7 5.Bg2 O-O 6.O-O dxc4 7.Qa4 a6 8.Qxc4 b5
9.Qc2 Bb7 10.Bf4 Nd5 11.a3 Nxf4 12.gxf4 Ra7 13.e3 Nd7 14.b4 Nf6 15.Nbd2 Qa8
16.Rfc1 Bd6 17.Ne1 a5 18.Nb3 Bxg2 19.Nxg2 axb4 20.axb4 Rxa1 21.Rxa1 Qd5 22.Nc5 Ra8
23.Rxa8+ Qxa8 24.Ne1 Qa1 25.Kf1 Nd5 26.f5 exf5 27.Qxf5 Nb6 28.Nd3 Qa8 29.Qxb5 g6
30.Ne5 Kg7 31.N1f3 f6 32.Nc6 Qe8 33.d5 Qe4 34.Ncd4 Kh6 35.Nd2 Qg4 36.Qd3 Nxd5
37.b5 Nb4 38.Qc3 Qh3+ 39.Ke2 Qh5+ 40.Kf1 Nd5 41.Qc2 Qxh2 42.Ne4 Be5 43.Ne2 Qh1+
44.Ng1 Bh2 45.Qc4 Qxg1+ 46.Ke2 Qg4+ 47.Kd2 f5  0-1

[Event "Indonesia Open"]
[Site "Jakarta INA"]
[Date "2011.10.14"]
[Round "3.4"]
[White "Purnama,T"]
[Black "Mareco,S"]
[Result "1/2-1/2"]
[WhiteElo "2368"]
[BlackElo "2597"]

1.d4 Nf6 2.c4 e6 3.g3 d5 4.Nf3 Be7 5.Bg2 O-O 6.O-O dxc4 7.Qc2 b5 8.a4 b4
9.Nbd2 Bb7 10.Nxc4 Be4 11.Qd1 c5 12.dxc5 Nbd7 13.Nd6 Bd5 14.Be3 Nxc5 15.Bxc5 Bxd6
16.Qd4 Bxc5 17.Qxc5 Ne4 18.Qxb4 Rb8 19.Qd4 Qa5 20.Ne5 Rb4 21.Qe3 Rxa4 22.Rac1 Rb4
23.Ra1 Ra4 24.Rac1 Rb4 25.Ra1 Ra4  1/2-1/2

[Event "II Oliver Gonzalez Memorial"]
[Site "Madrid ESP"]
[Date "2011.10.14"]
[Round "7.38"]
[White "Bolea Olivan,J"]
[Black "Pascual Palomo,L"]
[Result "0-1"]
[WhiteElo "1870"]
[BlackElo "2119"]

1.d4 e6 2.c4 Nf6 3.g3 Be7 4.Bg2 d5 5.Nf3 O-O 6.Qc2 b6 7.b3 Bb7 8.O-O Nbd7
9.Nc3 c6 10.Rd1 Qc8 11.e4 Nxe4 12.Nxe4 dxe4 13.Ng5 Bxg5 14.Bxg5 f5 15.c5 Nf6
16.f3 exf3 17.Bxf3 Nd5 18.Re1 Qd7 19.Rad1 Rae8 20.Re5 Ba6 21.a3 h6 22.Bc1 Ne7
23.Bh5 Rd8 24.Be3 Nd5 25.Bc1 Rf6 26.Bf3 Qc7 27.Rde1 Bc8 28.Qf2 Ne7 29.Bh5 bxc5
30.dxc5 Rd5 31.Bb2 Rf8 32.Bf3 Rd3 33.R5e3 Rxe3 34.Qxe3 f4 35.Qc3 Nd5 36.Bxd5 exd5
37.gxf4 Rxf4 38.Kh1 Bf5 39.Qg3 Be4+ 40.Kg1 Qf7 41.h3 Rf5 42.h4 Rf3 43.Qb8+ Kh7
44.Be5 Qg6+ 45.Kh2 Rh3+ 46.Kxh3 Qg2+  0-1

[Event "Schachbundesliga 2011-12"]
[Site "Muelheim GER"]
[Date "2011.10.14"]
[Round "1"]
[White "Schlosser,P"]
[Black "Dany,A"]
[Result "1-0"]
[WhiteElo "2591"]
[BlackElo "2087"]

1.c4 e6 2.g3 Nf6 3.Bg2 d5 4.Nf3 Be7 5.d4 O-O 6.O-O Nbd7 7.Qc2 Re8 8.Rd1 c6
9.Nbd2 Qc7 10.e4 dxe4 11.Nxe4 Nxe4 12.Qxe4 Nf6 13.Qe2 b6 14.Bf4 Bd6 15.Ne5 Bb7
16.c5 bxc5 17.dxc5 Bxc5 18.Nd7 e5 19.Nxf6+ gxf6 20.Bh6 f5 21.Qc2 Re6 22.Bg5 Bd4
23.Qxf5 Rg6 24.Be3 Bc8 25.Qe4 Bg4 26.Rd2 Qa5 27.a3 Rd8 28.b4 Qb6 29.Rc1 Rdd6
30.Bxd4 Rxd4 31.Qe3 a5 32.h3 Bd7 33.bxa5 Qxa5 34.Rxd4 exd4 35.Qxd4 Qxa3 36.Ra1 Qe7
37.Ra7 Rd6 38.Ra8+  1-0

[Event "Schachbundesliga 2011-12"]
[Site "Muelheim GER"]
[Date "2011.10.14"]
[Round "1"]
[White "Nielsen,PH"]
[Black "Sanikidze,T"]
[Result "0-1"]
[WhiteElo "2687"]
[BlackElo "2530"]

1.Nf3 Nf6 2.c4 e6 3.g3 d5 4.d4 Be7 5.Bg2 O-O 6.O-O dxc4 7.Qa4 a6 8.Qxc4 b5
9.Qc2 Bb7 10.Bd2 Be4 11.Qc1 Nc6 12.Be3 Rc8 13.Rd1 Na5 14.Nc3 Bc6 15.b3 b4
16.Nb1 Bb5 17.Qd2 Nd5 18.Rc1 c5 19.dxc5 Nxe3 20.Qxe3 Bf6 21.Ne5 Bc6 22.Bxc6 Nxc6
23.Nxc6 Rxc6 24.Nd2 Bxa1 25.Rxa1 Qd5 26.Rc1 f5 27.Rc4 a5 28.h4 Rd8 29.Nf3 Rdc8
30.Kh2 e5 31.Qg5 Rf6 32.Qc1 Rfc6 33.Qg5 Rf6 34.Qc1 h6 35.Qe3 e4 36.Ne1 Rfc6
37.Ng2 Rxc5 38.Nf4 Qc6 39.Rd4 Kh7 40.Nh5 Qg6 41.Nf4 Qc6 42.Nh5 Rc3 43.Qd2 Rc2
44.Qe3 Qc3  0-1

[Event "Chigorin Memorial Open"]
[Site "St Petersburg RUS"]
[Date "2011.10.14"]
[Round "1.114"]
[White "Solovyov,V"]
[Black "Popov,Artemiy"]
[Result "1-0"]
[WhiteElo "2312"]
[BlackElo "1649"]

1.d4 Nf6 2.c4 e6 3.g3 d5 4.Nf3 Be7 5.Bg2 O-O 6.O-O dxc4 7.Qa4 a6 8.Qxc4 b5
9.Qc2 Bb7 10.Bd2 Be4 11.Qc1 Bb7 12.Qc2 Be4 13.Qc1 Bb7 14.Bg5 Nbd7 15.Nbd2 Rc8
16.Bxf6 Nxf6 17.Nb3 Bd6 18.Rd1 Qe7 19.Na5 Bxf3 20.Bxf3 Nd5 21.e4 Nb6 22.e5 Bxe5
23.dxe5 Rcd8 24.Rxd8 Qxd8 25.Nc6 Qd3 26.Qc3 Qxc3 27.bxc3 Na4 28.Rc1 f6 29.exf6 Rxf6
30.Kg2 Kf7 31.c4 Ke8 32.cxb5 axb5 33.Nd4  1-0

[Event "Chigorin Memorial Open"]
[Site "St Petersburg RUS"]
[Date "2011.10.14"]
[Round "1.102"]
[White "Yuferev,O"]
[Black "Paliy,V"]
[Result "1-0"]
[WhiteElo "2351"]
[BlackElo "1873"]

1.Nf3 d5 2.d4 Nf6 3.c4 e6 4.g3 Be7 5.Bg2 O-O 6.O-O dxc4 7.Ne5 Nbd7 8.Nxc4 c6
9.Nc3 Nb6 10.Ne5 Nbd7 11.Nd3 Qb6 12.e3 c5 13.Na4 Qb5 14.dxc5 Nxc5 15.Naxc5 Bxc5
16.a4 Qb6 17.b4 Be7 18.Bb2 Rd8 19.Bd4 Qd6 20.Qb3 Nd5 21.Rfd1 Bd7 22.e4 Nxb4
23.Bc5 Qxc5 24.Nxc5 Bxc5 25.e5 Bc6 26.Bxc6 Nxc6 27.Qxb7 Nxe5 28.Rxd8+ Rxd8
29.Qc7 Rd5 30.Qb8+ Bf8 31.Qxa7 h6 32.Qa8 g6 33.a5 Kg7 34.a6 Bc5 35.a7 Rd2
36.Qe4 Bxf2+ 37.Kh1 Bxa7 38.Qxe5+  1-0

[Event "Mitropa Cup"]
[Site "Merlimont FRA"]
[Date "2011.10.15"]
[Round "8.6"]
[White "Prohaszka,P2"]
[Black "Delorme,Al"]
[Result "1-0"]
[WhiteElo "2553"]
[BlackElo "2306"]

1.d4 d5 2.c4 e6 3.Nf3 Nf6 4.g3 Be7 5.Bg2 O-O 6.O-O dxc4 7.Ne5 Nc6 8.Bxc6 bxc6
9.Nxc6 Qe8 10.Nxe7+ Qxe7 11.Qa4 Qd6 12.Rd1 Qa6 13.Qxa6 Bxa6 14.Bg5 Rab8 15.Bxf6 gxf6
16.Rd2 Rfd8 17.Nc3 c5 18.d5 exd5 19.Nxd5 Kg7 20.Rad1 Rd7 21.Nc3 Rxd2 22.Rxd2 Bb5
23.f3 Rb7 24.Kf2 f5 25.Ke1 Kf6 26.Kd1 Ke6 27.Nxb5 Rxb5 28.Kc2 a6 29.Kc3 Ke5
30.Kxc4 h5 31.b3 h4 32.Rd5+ Ke6 33.Rxc5  1-0

[Event "Lichtenrader Autumn"]
[Site "Berlin GER"]
[Date "2011.10.16"]
[Round "9.17"]
[White "Radovanovic,J"]
[Black "Kirchhof,A"]
[Result "1-0"]
[WhiteElo "2320"]
[BlackElo "2054"]

1.d4 d5 2.Nf3 Nf6 3.c4 e6 4.g3 Be7 5.Bg2 O-O 6.O-O c6 7.Qc2 Nbd7 8.Nbd2 b5
9.b3 Bb7 10.c5 a5 11.a4 b4 12.Bb2 Qb8 13.Bh3 Re8 14.Rfe1 Bf8 15.e4 dxe4 16.Nxe4 Nd5
17.Nfd2 h6 18.Nc4 N7f6 19.Ncd6 Rd8 20.Nxf7  1-0

[Event "5th SPICE Cup GpC"]
[Site "Lubbock USA"]
[Date "2011.10.17"]
[Round "4"]
[White "Diamant,A"]
[Black "Friedel,J"]
[Result "1/2-1/2"]
[WhiteElo "2505"]
[BlackElo "2518"]

1.d4 Nf6 2.c4 e6 3.Nf3 d5 4.g3 Be7 5.Bg2 O-O 6.O-O dxc4 7.Qa4 a6 8.Qxc4 b5
9.Qc2 Bb7 10.Bg5 Nbd7 11.Bxf6 Nxf6 12.Nbd2 Rc8 13.Nb3 c5 14.dxc5 Be4 15.Qc3 Bd5
16.Ne5 Bxg2 17.Kxg2 Bxc5 18.Nxc5 Qd5+ 19.Qf3 Rxc5 20.Qxd5 Rxd5 21.Nf3 Rfd8
22.Rfc1 e5 23.e3 Ne4 24.Rc6 a5 25.Rac1 f6 26.Rb6 R8d7 27.h4 h5 28.Rc2 b4
29.Rc4 Nd2 30.Rc2 Ne4 31.Rc4 Nd2  1/2-1/2

[Event "Chigorin Memorial Open"]
[Site "St Petersburg RUS"]
[Date "2011.10.17"]
[Round "4.87"]
[White "Usmanov,V"]
[Black "Shurunov,An"]
[Result "1-0"]
[WhiteElo "2238"]
[BlackElo "2037"]

1.Nf3 Nf6 2.c4 e6 3.g3 d5 4.d4 Be7 5.Bg2 O-O 6.O-O c6 7.Qc2 Nbd7 8.Nbd2 Re8
9.e4 dxe4 10.Nxe4 Nxe4 11.Qxe4 Bf6 12.Rd1 Qa5 13.Bd2 Qf5 14.Qxf5 exf5 15.Re1 Rd8
16.c5 b6 17.Bf4 Bb7 18.Bd6 Re8 19.b4 b5 20.a4 bxa4 21.Rxe8+ Rxe8 22.Rxa4 a6
23.Bf1 Ra8 24.Ra3 g6 25.Bc4 Kg7 26.Kf1 Nf8 27.Be5 Ne6 28.Bxe6 fxe6 29.Ke2 Kf7
30.Bxf6 Kxf6 31.Ne5 Rd8 32.Ke3 g5 33.Nc4 Rd5 34.Nd6  1-0

[Event "Chigorin Memorial Open"]
[Site "St Petersburg RUS"]
[Date "2011.10.19"]
[Round "6.26"]
[White "Kanter,E"]
[Black "Vysochin,S"]
[Result "1/2-1/2"]
[WhiteElo "2406"]
[BlackElo "2558"]

1.d4 d5 2.c4 e6 3.Nf3 Nf6 4.g3 Be7 5.Bg2 O-O 6.O-O dxc4 7.Ne5 Nc6 8.Nxc6 bxc6
9.Na3 Bxa3 10.bxa3 Ba6 11.Re1 Qe7 12.Qa4 Bb5 13.Qa5 Nd5 14.a4 a6 15.Bxd5 exd5
16.Bd2 Rfb8 17.Bb4 Qd7 18.Bc5 Re8 19.axb5 cxb5 20.Qc3 a5 21.a3 Ra6 22.f3 f5
23.Qd2 h6 24.e3 Qf7 25.Rab1 c6 26.Re2 Qg6 27.Rbe1 Raa8 28.Qc2 Rab8 29.Qd2 Ra8
30.Bb6 a4 31.Qc2 Re7 32.g4 Rf7 33.Rg2 Qe6 34.gxf5 Rxf5 35.Rg3 Raf8 36.Qg2 R8f7
37.Bc5 Kh7 38.Bb4 g5 39.Qc2 Kg8 40.Qg2 Kh7 41.Qc2 Kh8 42.e4 Rxf3 43.Rxf3 Rxf3
44.exd5 Qxd5 45.Qg6 Qxd4+ 46.Kh1 Qd5 47.Qxh6+ Kg8 48.Qg6+ Kh8 49.Qh6+ Kg8
50.Qe6+ Kg7 51.Qe5+ Kg6 52.Qe4+ Qxe4 53.Rxe4 Kf5 54.Re2 Rd3 55.Kg2 Rd5 56.Ba5 Re5
57.Kf2 Rd5 58.h3 Rd3 59.Re3 Rb3 60.Bb4 Rb1 61.Kf3 Rh1 62.Kg3 Rd1 63.Kf3 Rd5
64.Ke2 c5 65.Bc3 Kg6 66.Re5 Rd3 67.Re3 Rd5 68.Re5 Rd3 69.Re3 Rd5  1/2-1/2

[Event "Chigorin Memorial Open"]
[Site "St Petersburg RUS"]
[Date "2011.10.20"]
[Round "7.2"]
[White "Vorobiov,E"]
[Black "Azarov,S"]
[Result "1/2-1/2"]
[WhiteElo "2581"]
[BlackElo "2648"]

1.d4 d5 2.c4 e6 3.Nf3 Nf6 4.g3 Be7 5.Bg2 O-O 6.O-O dxc4 7.Qc2 b5 8.a4 b4
9.Nbd2 Bb7 10.Rd1 c5 11.Nxc4 Nbd7 12.Bg5 Rc8 13.Rac1 cxd4 14.Nxd4 Bxg2 15.Kxg2 Rc5
16.Bxf6 Nxf6 17.Nb3 Qa8+ 18.f3 Rc7 19.e4 g5 20.Qe2 g4 21.Nbd2 Rd8 22.e5 gxf3+
23.Nxf3 Rxd1 24.Rxd1 Qe4 25.Qxe4 Nxe4 26.Rd4 Nc5 27.a5 Nb3 28.Rg4+ Kf8 29.Nd6 Nxa5
30.Rxb4 Bxd6 31.exd6 Rd7 32.Ra4 Nc6 33.Ra6 Nb8 34.Ra4 Nc6 35.Ra6 Nb8 36.Ra4 Nc6  1/2-1/2

[Event "Nalchik WGP 2011"]
[Site "Nalchik RUS"]
[Date "2011.10.21"]
[Round "11"]
[White "Galliamova,A"]
[Black "Munguntuul,B"]
[Result "1-0"]
[WhiteElo "2498"]
[BlackElo "2465"]

1.d4 d5 2.c4 e6 3.g3 Nf6 4.Bg2 Be7 5.Nf3 O-O 6.O-O c5 7.cxd5 Nxd5 8.e4 Nb6
9.Nc3 cxd4 10.Nxd4 Bd7 11.Bf4 Nc6 12.Nf3 Bc5 13.a3 a5 14.Rc1 Ne7 15.Na2 Na4
16.b3 Bxa3 17.bxa4 Bxc1 18.Bxc1 b5 19.Qd6 b4 20.Bg5 Re8 21.Qd1 f6 22.Be3 Qc7
23.Bh3 Rad8 24.Nd4 Qc4 25.Qb1 Kh8 26.Rc1 Qa6 27.Bf1 Qb7 28.Nb3 Bxa4 29.Nxa5 Qa8
30.Qxb4 Bd7 31.Rc7 Nc6 32.Nxc6 Bxc6 33.Nc3 Rc8 34.Ra7 Qb8 35.Qxb8 Rxb8 36.Ra6 Ba8
37.Ra3 Rec8 38.f3 h6 39.Ne2 Rb1 40.Nf4 e5 41.Ng6+ Kh7 42.Ne7 Rd8 43.Kg2 Bb7
44.Bc4 Rb2+ 45.Kh3 Rd7 46.Nd5 h5 47.g4 Bc8 48.Ra8 Bb7 49.Rf8 hxg4+ 50.Kxg4 Bc6
51.Nb6 Rd6 52.Bg8+ Kg6 53.Nc4 Rg2+ 54.Kh3 Re2 55.Bf7+ Kh7 56.Nxd6 Rxe3 57.Kg2  1-0

[Event "Chigorin Memorial Open"]
[Site "St Petersburg RUS"]
[Date "2011.10.21"]
[Round "8.88"]
[White "Tugarin,A"]
[Black "Chehlov,A"]
[Result "0-1"]
[WhiteElo "2014"]
[BlackElo "2211"]

1.Nf3 Nf6 2.c4 e6 3.g3 d5 4.d4 Be7 5.Bg2 O-O 6.O-O dxc4 7.Qc2 a6 8.Qxc4 b5
9.Qc2 Bb7 10.Bd2 Nbd7 11.Ba5 Nb6 12.Nbd2 Rc8 13.Rac1 g6 14.Rfd1 Re8 15.e3 Bf8
16.a3 h6 17.b4 Bg7 18.Ne5 Bxg2 19.Kxg2 Qd5+ 20.Kg1 Nfd7 21.Nxd7 Qxd7 22.Qc6 Qd8
23.Rc2 e5 24.Rdc1 Rb8 25.dxe5 Bxe5 26.Nf3 Bd6 27.Bxb6 Rxb6 28.Qc3 Qe7 29.Nd4 h5
30.h4 Qe4 31.Ne2 Qf3 32.Nf4 Re4 33.Qd2 Bxf4 34.exf4 Rd6 35.Qc3 Rd1+ 36.Rxd1 Qxd1+
37.Kh2 Rc4 38.Rd2 Rxc3 39.Rxd1 Rxa3 40.Rc1 Rb3 41.Rxc7 Rxb4 42.Ra7 Ra4 43.Kg2 b4
44.Kf3 a5 45.Rb7 Ra3+ 46.Ke4 b3 47.Kd4 a4 48.Kc3 Ra2 49.Ra7 Rxf2 50.Rxa4 Rf3+
51.Kd4 Rxg3 52.Ke4 Rg4 53.Rb4 Rxh4 54.Rxb3 Kg7 55.Rb7 Rh1 56.Kf3 Re1 57.Ra7 Kf6
58.Ra6+ Re6 59.Ra8 Rb6 60.Ra5 Kg7 61.Ra7 Rf6 62.Kg3 Rf5 63.Rb7 Kf6 64.Rb6+ Ke7
65.Rb7+ Kd6 66.Rb6+ Kc5 67.Rb8 Rf6 68.Re8 Kd6 69.Rd8+ Ke7 70.Ra8 Rd6 71.Ra7+ Kf6
72.Ra3 Rb6 73.Rc3 Rb5 74.Rc7 Rb3+ 75.Kf2 h4 76.Ra7 h3 77.Ra5 h2 78.Kg2 Rf3
79.Kxh2 Rxf4 80.Kg3 Rf5 81.Ra6+ Kg5 82.Ra7 f6 83.Ra4 Rd5 84.Rg4+ Kf5 85.Rf4+ Ke5
86.Rf3 Rd4 87.Ra3 f5 88.Kf3 g5 89.Ra5+ Rd5 90.Ra3 g4+ 91.Kg3 Ke4 92.Ra4+ Rd4
93.Ra8 Rd3+ 94.Kf2 Kf4 95.Ra4+ Kg5 96.Ra5 Rf3+ 97.Kg2 Rd3 98.Rb5 Kf4 99.Rb4+ Ke5
100.Rb8 Ke4 101.Re8+ Kf4 102.Re2 Rd5 103.Ra2 Kg5 104.Rb2 f4 105.Ra2 Kh4 106.Rb2 Re5
107.Ra2 f3+ 108.Kf1 Kg3 109.Ra1 Re2 110.Kg1 f2+ 111.Kf1 Re1+ 112.Rxe1 fxe1=Q+
113.Kxe1 Kh2  0-1

[Event "Chigorin Memorial Open"]
[Site "St Petersburg RUS"]
[Date "2011.10.22"]
[Round "9.10"]
[White "Sjugirov,S"]
[Black "Oparin,G"]
[Result "1/2-1/2"]
[WhiteElo "2627"]
[BlackElo "2413"]

1.Nf3 d5 2.c4 e6 3.g3 Nf6 4.Bg2 Be7 5.d4 O-O 6.O-O dxc4 7.Qc2 a6 8.a4 Bd7
9.Qxc4 Bc6 10.Bf4 Nd5 11.Bd2 Nd7 12.Re1 a5 13.Qb3 Nb4 14.e4 b5 15.axb5 Bxb5
16.Na3 Ba6 17.Bf1 Bxf1 18.Rxf1 c5 19.Bc3 Qc7 20.Qc4 Qb7 21.Qb5 Qxb5 22.Nxb5 cxd4
23.Nfxd4 Rfc8 24.Rfd1 Nb6 25.Kg2 a4 26.Nf3 Na6 27.Nd6 Rd8 28.Ba5 Rxd6 29.Rxd6 Bxd6
30.Bxb6 Nc5 31.Nd2 f6 32.e5 Be7 33.exf6 gxf6 34.Nc4 Kf7 35.Rd1 e5 36.Nd6+ Bxd6
37.Rxd6 Ne4 38.Rd7+ Kg6 39.Rc7 a3 40.bxa3 Rxa3  1/2-1/2

[Event "Chigorin Memorial Open"]
[Site "St Petersburg RUS"]
[Date "2011.10.22"]
[Round "9.63"]
[White "Yuferev,O"]
[Black "Palchun,G"]
[Result "1-0"]
[WhiteElo "2351"]
[BlackElo "2194"]

1.Nf3 Nf6 2.c4 e6 3.g3 d5 4.d4 Be7 5.Bg2 O-O 6.O-O dxc4 7.Qc2 a6 8.a4 Bd7
9.Rd1 Bc6 10.Nc3 Bxf3 11.Bxf3 c6 12.a5 Nd5 13.Ne4 Nd7 14.Qxc4 Bb4 15.Bd2 Bxd2
16.Rxd2 Qe7 17.Nc3 Rac8 18.Rc1 N5f6 19.Qb3 Rb8 20.Bg2 Rfd8 21.f4 h5 22.e4 h4
23.e5 Ne8 24.Ne4 Nc7 25.Bf1 Nf8 26.Be2 Ng6 27.Bh5 Nf8 28.Ng5 g6 29.Be2 hxg3
30.hxg3 Kg7 31.Ne4 Nh7 32.Kg2 f6 33.Rh1 fxe5 34.fxe5 Nd5 35.Rh4 Ng5 36.Nc5 b6
37.axb6 Rxb6 38.Qd3 Rf8 39.Bd1 Qf7 40.Qe2 Qe7 41.Rg4 Nf3 42.Qe4  1-0

[Event "29th Muensterland Open"]
[Site "Senden GER"]
[Date "2011.10.23"]
[Round "4.10"]
[White "Virnyi,J"]
[Black "Rueberg,J"]
[Result "1/2-1/2"]
[WhiteElo "2087"]
[BlackElo "2162"]

1.d4 Nf6 2.c4 e6 3.g3 Be7 4.Bg2 d5 5.Nf3 O-O 6.O-O b6 7.Nc3 Bb7 8.Ne5 Nbd7
9.Qa4 Nb8 10.Rd1 a6 11.Bg5 c6 12.Rac1 b5 13.cxb5 cxb5 14.Qc2 Nbd7 15.Nd3 Rc8
16.Qb1 h6 17.Bf4 Nb6 18.b4 Nc4 19.e4 dxe4 20.Nc5 Bc6 21.N5xe4 Nd5 22.Nxd5 Bxd5
23.h4 Qb6 24.Nc5 Bxg2 25.Kxg2 Qc6+ 26.Kg1 Rfd8 27.Qb3 Bf6 28.Rxc4 bxc4 29.Qxc4 Qb5
30.Qb3 Qc6 31.Be3 Ra8 32.a4 Qd5 33.Qd3 e5 34.Nxa6 Qb7 35.b5 exd4 36.Bd2 Rac8
37.Nb4 Qb6 38.Nc6 Rxc6 39.bxc6 Qxc6 40.a5 Ra8 41.Rc1  1/2-1/2

[Event "World Youth U16 Ol"]
[Site "Kocaeli TUR"]
[Date "2011.10.24"]
[Round "1.13"]
[White "Grigoryan,K2"]
[Black "Walid,Anwar"]
[Result "1-0"]
[WhiteElo "2473"]
[BlackElo "1833"]

1.d4 Nf6 2.c4 e6 3.Nf3 d5 4.g3 Be7 5.Bg2 O-O 6.O-O dxc4 7.Qc2 a6 8.a4 Bd7
9.Qxc4 Bc6 10.Bg5 Bd5 11.Qc1 b6 12.Nc3 Bb7 13.Rd1 h6 14.Bxf6 Bxf6 15.e4 c6
16.Qe3 Re8 17.e5 Be7 18.Nd2 Qc7 19.Rac1 Qd8 20.Ra1 Qc7 21.Rac1 Nd7 22.f4 Rac8
23.Nde4 Qb8 24.g4 Qa8 25.Ng3 Nf8 26.Rc2 Red8 27.Rcd2 Rd7 28.Be4 Rcd8 29.Qf3 Ng6
30.Nge2 Bb4 31.Rd3 Ne7 32.f5 Nd5 33.f6 g6 34.Bxd5 cxd5 35.Nf4 Bf8 36.Nce2 Bc6
37.b3 b5 38.a5 b4 39.g5 hxg5 40.Nxe6 fxe6 41.Qg4 Bb5 42.Qxe6+ Rf7 43.Qh3 Bxd3
44.Qxd3 Kh7 45.h4 gxh4 46.Nf4 Qb7 47.Qxg6+ Kh8 48.Kh2 Rh7 49.Qf5 Bh6 50.Ng6+ Kg8
51.Rg1 Be3 52.Rg4 Qd7 53.Ne7+ Kh8 54.Qxd7  1-0

[Event "26th Le Touquet Open"]
[Site "Le Touquet FRA"]
[Date "2011.10.24"]
[Round "3.17"]
[White "Loiseau,Q"]
[Black "Vaillant,S"]
[Result "1-0"]
[WhiteElo "2174"]
[BlackElo "1989"]

1.Nf3 Nf6 2.c4 e6 3.g3 d5 4.d4 Be7 5.Bg2 O-O 6.O-O dxc4 7.Qa4 c6 8.Qxc4 b5
9.Qc2 Bb7 10.Nbd2 Qb6 11.Nb3 Nbd7 12.a4 bxa4 13.Rxa4 c5 14.dxc5 Nxc5 15.Nxc5 Bxc5
16.Bd2 Rfc8 17.Bc3 Bd5 18.Rh4 Qb7 19.Qd3 Be4 20.Qd2 Be7 21.Qe3 Bc6 22.Qe5 Rd8
23.Re1 Rd5 24.Qf4 Rdd8 25.e4 Re8 26.Ne5 Bb5 27.Ng4 Nxg4 28.Qxg4 g6 29.Rxh7  1-0

[Event "Banicky kahanec 2011"]
[Site "Zajezova SVK"]
[Date "2011.10.24"]
[Round "1"]
[White "Kriebel,T"]
[Black "Grabarczyk,M"]
[Result "1/2-1/2"]
[WhiteElo "2339"]
[BlackElo "2460"]

1.d4 d5 2.c4 e6 3.Nf3 Nf6 4.g3 Be7 5.Bg2 O-O 6.O-O Nbd7 7.Qc2 c6 8.Bf4 b6
9.Rd1 Bb7 10.Nc3 Nh5 11.Bc1 Nhf6 12.b3 Rc8 13.e4 dxe4 14.Ng5 c5 15.dxc5 bxc5
16.Ncxe4 Nxe4 17.Bxe4 Bxe4 18.Qxe4 Bxg5 19.Bxg5 Nf6 20.Rxd8 Nxe4 21.Rxc8 Rxc8
22.Be3 Kf8 23.Rd1 Ke7 24.g4 Rc6 25.f3 Nd6 26.Kf2 Nb7 27.Ke2 f6 28.Rd2 Rb6
29.Kd3 Rd6+ 30.Kc3 Rxd2 31.Bxd2 Kd6 32.a3 a5 33.Kd3 Kc6 34.Bc3 Kd6 35.f4 Ke7
36.b4 axb4 37.axb4 cxb4 38.Bxb4+ Ke8 39.Kd4 Nd8 40.Kc5 Kd7 41.Bc3 Nf7 42.Kb6 Nd6
43.c5 Nc8+ 44.Kb7 Ne7 45.h4 Nc6 46.h5 e5 47.fxe5  1/2-1/2

[Event "Corsica Masters 2011"]
[Site "Bastia FRA"]
[Date "2011.10.25"]
[Round "5.9"]
[White "Demuth,A"]
[Black "Mamedjarova,T"]
[Result "1-0"]
[WhiteElo "2440"]
[BlackElo "2277"]

1.d4 d5 2.c4 e6 3.Nf3 Nf6 4.g3 Be7 5.Bg2 O-O 6.O-O b6 7.cxd5 exd5 8.Nc3 Bb7
9.Qc2 c5 10.Bf4 Nc6 11.Rad1 c4 12.Ne5 Nb4 13.Qb1 Qc8 14.a3 Na6 15.Rfe1 Nc7
16.e4 b5 17.Bg5 dxe4 18.Nxe4 Ncd5 19.Nc5 Rd8 20.Nxb7 Qxb7 21.Bxf6 Bxf6 22.Ng4 c3
23.bxc3 Qb6 24.Qb3 Qd6 25.Bxd5 Qxd5 26.Re8+  1-0